Bürgerliche Namen prominenter Personen - Statistiken

Allgemein
  • Dieses Quiz wurde 302 mal gespielt
  • Das Durchschnittsergebnis liegt bei 8 aus 20
Antwortstatistiken
Hint Antwort % Korrekt
Stefani Joanne Angelina Germanotta Lady Gaga
68%
Paul Hartmut Würdig Sido
67%
Marek Cwiertnia Mark Forster
63%
Katheryn Elizabeth Hudson Katy Perry
61%
Gabriele Susanne Kerner Nena
53%
Rosemarie Magdalena Albach Romy Schneider
53%
Felix Blume Kollegah
51%
Andreas Frege Campino
47%
Neta-Lee Hershlag Natalie Portman
46%
Alexander Duszat Elton
41%
Carlos Irwin Estevez Charlie Sheen
38%
Peter Hernandez Bruno Mars
34%
Reginald Kenneth Dwight Elton John
32%
John Roger Stephens John Legend
31%
Jacques Webster Travis Scott
23%
Aubrey Graham Drake
19%
Eric Marlon Bishop Jamie Foxx
16%
Christopher Gatesby Kit Harrington
15%
Mark Sinclair Vin Diesel
15%
Brian Hugh Warner Marilyn Manson
13%
Keine übereinstimmenden Quizze gefunden
Verteilung der Resultate
Anzahl Personen mit jedem Resultat
Perzentil nach korrekt beantworteten Fragen
Ihre Resultats-Entwicklung
Sie haben dieses Quiz noch nicht gespielt